000
00234nam a2200097Ia 4500
008
240331s9999 xx 000 0 und d
082
_b
SHA
100
_a
Sharma,I. ed
245
2
_a
A decade in Nepalese women's lives 1996-2006
942
_c
L
999
_c
2414
_d
2414